Shropshire A-Z - Statistics

General Stats
  • This quiz has been taken 43 times
    40 since last reset
  • The average score is 12 of 26
Answer Stats
Hint Answer % Correct
D On the Origin of Species naturalist from S Charles Darwin
100%
S County town Shrewsbury
100%
C Shropshire Blue is a kind of this food Cheese
94%
A Town named for an inn Craven {Arms}
94%
I Village named after a bridge built in 1779, the first of its kind in the world Ironbridge
94%
T New town named for a civil engineer Telford
88%
U Waterway that crosses the county Shropshire {Union} {Canal}
65%
E Town in the northwest named for the lake it sits on Ellesmere
62%
P Welsh kingdom that once controlled the area Powys
62%
L Three heads of this animal are depicted on the county's flag Leopard
53%
M Market town on the Staffordshire border Market Drayton
53%
O Earthwork built by a Mercian king on the Welsh border Offa's Dyke
53%
N Market town on the Staffordshire border Newport
50%
Q S's main park The Quarry
41%
W Modern village on the site of V Wroxeter
41%
B Highest point in the county Brown Clee Hill
32%
F Annual event held in S, the longest-running of its kind Flower Show
32%
X Unusually named village Ruyton {XI} {Towns}
29%
Z Shropshire Council's climate initiative {Zero} {Carbon} Shropshire Plan
26%
H Ruined monastery near S; founded by the FitzAlans Haughmond Abbey
18%
J Village near I; known for its early industry and ceramic production Jackfield
18%
Y Hill with a name that sounds like it refers to a tiny year Yearlet
18%
V Fourth-largest city in Roman Britain Viroconium
9%
K "Wild" highwayman who lived in a cave Humphrey Kynaston
6%
G S's oldest pub Golden Cross
3%
R American football team based in T Shropshire {Revolution}
3%
No matching quizzes found
Score Distribution
Percent of People with Each Score
Percentile by Number Answered
Your Score History
You have not taken this quiz since the last reset